| 000 | 01183nam a22002535a 4500 | ||
|---|---|---|---|
| 003 | OSt | ||
| 005 | 20170131094956.0 | ||
| 008 | 160922s2014 ua frb 000 0 ara d | ||
| 015 | _22013 / 16857 | ||
| 020 | _a9789770473825 | ||
| 040 |
_aEG-ScBUE _bara _cEG-ScBUE _dEG-ScBUE |
||
| 043 |
_ama----- _af-ua--- |
||
| 082 | 0 | 4 |
_a346.0664 _bس ل ا _222 |
| 100 | 1 | _aسلام، محمد أحمد. | |
| 245 | 1 | 0 |
_aحوكمة الشركات ودورها في جذب الاستثمارات الأجنبية وتحقيق التنمية المستدامة مع التطبيق على الاقتصادات الناشئة (مصر ودول الخليج العربي) : _bدراسة قانونية اقتصادية / _cمحمد أحمد سلام. |
| 260 |
_aالقاهرة : _bدار النهضة العربية، _c2014. |
||
| 300 |
_a177 ص. ؛ _c24 سم. |
||
| 504 | _aيشتمل على إرجاعات ببليوجرافية. | ||
| 650 | 7 |
_aحوكمة الشركات _xقوانين وتشريعات _zالبلاد العربية. _2BUEsh |
|
| 650 | 7 |
_aحوكمة الشركات _xقوانين وتشريعات _zمصر. _2BUEsh |
|
| 651 | _2BUEsh | ||
| 653 |
_bLLAAWW _cJanuary2017 |
||
| 942 | _2ddc | ||
| 999 |
_c24024 _d23996 |
||